000 01096nam a22003257a 4500
001 0041220
003 KOHA_MİRAKIL
005 20260207003228.0
007 ta
008 130730b2011 tu a|||gr||||#||||0|tur |
020 _a9789756009932
040 _aTR-BiSEU
_btur
_cTR-BiSEU
_erda
041 0 _atur
044 _ctu
050 _aQD261
_b.D46 2011
245 1 _aDenel organik kimya/
_ceditör Ender Erdik, Metin Obalı, Nadire Yüksekışık, Atillâ Öktemer, Tarık Pekel.
246 _a[Organik kimya lâboratuvarı tekniği : organik sentez : organik kimyasal analiz : organik spektroskopik analiz]
250 _a6. bs.
264 1 _aAnkara :
_bGazi Kitabevi
_c2011
300 _aXXI, 1226 sayfa :
_bresimli ;
_c25 cm.
336 _ametin
_btxt
_2rdacontent
337 _aaracısız
_bn
_2rdamedia
338 _acilt
_bnc
_2rdacarrier
500 _aDizin var.
650 0 _aKimya, Organik.
_91514
650 0 _aOrganik kimya--Laboratuvar kitapları.
_93984
650 0 _aChemistry, Organic.
_91515
650 0 _aChemistry, Organic--Laboratory manuals.
_93985
942 _2lcc
_cBK
999 _c41076
_d41076